1638 1199 1394 1605 1053 1328 1015 1360 1015 1685 1904 1747 1725 1312 1340 1579 1106 1354 1260 1764 1422 1716 1705 1530 1967 1805 1368 1735 1322 1179 1582 1640 1537 1188 1954 1111 1043 1813 1903 1469 1558 1741 1825 1018 1523 1811 1957 1793 1444 1291 1933 1774 1230 1724 1930 1003 1468 1412 1219 1440 1629 1847 1701 1078 1620 1543 1773 1527 1903 1136 1445 1319 1883 1205 1162 1844 1896 1376 1328 1741 1825 1499 1600 1601 1277 1334 1876 1634 1385 1860 1485 1339 1392 1977 1170 1668 1001 1593 1193 BCNSPRNW ULIB Ver.6.0+V

เปลี่ยนเป็นภาษาไทย

Change to English
 แสดงรายละเอียดบรรณานุกรม
  กลับหน้าหลัก

Brief Record : Get Marc (ISO 2709) : E-mail record : QR code < ปิดหน้าต่าง
LEADER : 00000nam 2200000uu 4500
001    13399112572
003     ULIB
008    110825s2553||||th 000 0 tha d
020    9786165090964
050 04 HQ772.5^bร117ล 2553
100 0  รจนา นากาชิม่า
245 10 ลูกชายที่มาจากดาวเสาร์ ลูกสาวจากดาวศุกร์ /^cรจนา นากาชิม่า, ศริฎา ด่านกุลประเสริฐ, ภัทรธดา ชัยเพ็ชร
260    กรุงเทพฯ :^bริช,^c2553
300    269 หน้า :^bภาพประกอบ
650  7 จิตวิทยาวัยรุ่น
650  7 จิตวิทยาเด็ก
650  7 ความสัมพันธ์ในครอบครัว
700 00 ศริฎา ด่านกุลประเสริฐ,^eผู้แต่งร่วม
700 00 ภัทรธดา ชัยเพ็ชร,^eผู้แต่งร่วม
945    ^p170^l0^i028435
995    ทศพร
999 ^a ใช้งานได้ทุกระบบ
รายการนี้ยังไม่มีแท็ก
คุณยังไม่ได้ล็อกอิน คุณสามารถมีกิจกรรมร่วมกับเว็บไซต์ได้ แต่ต้องล็อกอินก่อน ::
  ล็อกอิน

รายการสื่อสารสนเทศ

ลำดับที่ ประเภท เลขเรียก/บาร์โค้ด สถานที่ สถานะ
- ไม่พบข้อมูล -

รายการใกล้เคียง
    หัวเรื่อง [จิตวิทยาวัยรุ่น]
    หัวเรื่อง [จิตวิทยาเด็ก]
    หัวเรื่อง [ความสัมพันธ์ในครอบครัว]

BibComment


ยังไม่เคยถูกคอมเมนท์

คอมเมนท์ทรัพยากรรายการนี้
  คอมเมนท์: ลูกชายที่มาจากดาว..


 Copyright 2026. Bcnsprnw @Library